1930 1110 1468 1667 1386 1758 1851 1166 1280 1433 1151 1931 1538 1341 1013 1646 1904 1138 1755 1775 1961 1973 1455 1553 1263 1198 1151 1764 1822 1813 1695 1780 1213 1970 1723 1109 1276 1495 1220 1468 1033 1899 1795 1874 1767 1452 1143 1059 1148 1324 1773 1555 1516 1781 1097 1219 1915 1315 1780 1325 1874 1007 1007 1374 1096 1027 1132 1919 1631 1384 1948 1860 1721 1572 1363 1046 1674 1255 1121 1838 1327 1087 1447 1107 1705 1807 1094 1515 1842 1316 1983 1442 1416 1339 1325 1756 1042 1111 1849 BCNSPRNW ULIB Ver.6.0+V

เปลี่ยนเป็นภาษาไทย

Change to English
 แสดงรายละเอียดบรรณานุกรม
  กลับหน้าหลัก

Brief Record : Get Marc (ISO 2709) : E-mail record : QR code < ปิดหน้าต่าง
LEADER : 00000nam 2200000uu 4500
001    13399120779
003     ULIB
008    110706s2550||||th 000 0 tha d
020    9789744099587
050  4 BF575^bป349ป
100 0  ประมวล เพ็งจนทร์
245 00 ประมวลความรัก/^cประมวล เพ็งจนทร์
260    กรุงเทพฯ :^bสุขภาพใจ,^c2550
300    155 หน้า
945    ^p120^l0^i17822
995    ทศพร
999    ^aใช้งานได้ทุกระบบ
รายการนี้ยังไม่มีแท็ก
คุณยังไม่ได้ล็อกอิน คุณสามารถมีกิจกรรมร่วมกับเว็บไซต์ได้ แต่ต้องล็อกอินก่อน ::
  ล็อกอิน

รายการสื่อสารสนเทศ

ลำดับที่ ประเภท เลขเรียก/บาร์โค้ด สถานที่ สถานะ
1. วิทยาศาสตร์การแพทย์ และสุขภาพ
วิทยาศาสตร์การแพทย์ และสุขภาพ
BF575 ป349ป ฉ.1 
  Barcode: 17822
ห้องสมุดวิทยาเขตสวรรค์ประชารักษ์
►หนังสือทั่วไป
บนชั้น

BibComment


ยังไม่เคยถูกคอมเมนท์

คอมเมนท์ทรัพยากรรายการนี้
  คอมเมนท์: ประมวลความรัก ประ..


 Copyright 2026. Bcnsprnw @Library